Normal view
MARC view
- Sumintac, Niña Christelle M.,
Entry Personal Name
001 - CONTROL NUMBER
- control field: 6136
003 - CONTROL NUMBER IDENTIFIER
- control field: URS
005 - DATE AND TIME OF LATEST TRANSACTION
- control field: 20241203230640.0
008 - FIXED-LENGTH DATA ELEMENTS
- fixed length control field: 241203|| aca||aabn | a|a d
040 ## - CATALOGING SOURCE
- Original cataloging agency: URS
100 ## - HEADING--PERSONAL NAME
- Personal name: Sumintac, Niña Christelle M.,
- Relator term: author.